00440nam a2200133 a 450000500170000000800410001705000240005810000170008224500770009926000750017630000210025152100090027265000250028120140310183210.0030224s19uu xx 00 eng d aHF 5549b.P468 1977 aPigors, Paul aPersonnel administration :ba point of view and a method /cPaul Pigors. aMakati, Metro Manila :bMcGraw Hill International Book Company,c1977. a546 p. :c24 cm. aBSBA aPersonnel management